Quizzes
Events
Quiz Creation
Community
Videos
Private Events
Remove Ads
Sign In
Join for FREE
Feedback
Dark Mode
Quiz Categories
Sports
Geography
Music
Movies
Television
Just For Fun
Miscellaneous
History
Literature
Language
Science
Gaming
Entertainment
Religion
Holiday
For Kids
Quiz Lab
Recent
Popular Today
Quiz Kudos Today
Editor Picks
Curator Picks
Quizzes by...
Day
Popularity
Type
Ratings
Length
Year
Community
Subscriptions
Recent Discussions
Orange Saloon
Badges
Playlists
Quests
Create
Leaderboards
Showdown
Live 5
Trivia Bingo
Activity
Puzzle Library
Sporcle Events
Private Events
Virtual Trivia
Globe League
Become a Host
Pub Owners
SporcleCon
Opinionation
Our Games
Videos
Blog
Mobile Apps
Partnerships
Remove Ads and Go Orange
Feedback
Entertainment
Celebrity
Famous
Musical
Broadway
Show
Quote
Comic Books
Anime
Superhero
DC Comics
Marvel
Cartoons
Animation
Entertainment
Celebrity
Famous
Musical
Broadway
Show
Quote
Comic Books
Anime
Superhero
DC Comics
Marvel
Cartoons
Animation
Random Quiz
Search Sporcle
×
Quiz Lab
Quiz Lab
Entertainment
Movie Titles
Type in answers that appear in a list
Type in answers that appear in a list
Classic
Best Score? Go Orange.
Villainous Stats
Can you name the villains of the silver screen?
By
Forensic_Teen
5m
21 Questions
45 Plays
45 Plays
45 Plays
Comments
Comments
Give Quiz Kudos
Give Quiz Kudos
-
- Ratings
hide this ad
More Info
Random Order
Randomize order of answers
Randomize order of answers
Replay
Link that replays current quiz
Next Quiz
Link to next quiz in quiz playlist
You Got
0%
They Got
Avg Score
62%
Avg Friend Score
Upgrade to see
Score Distribution
Jump to the score distribution portion of the page
Score
0/21
Timer
05:00
0
Plays Today
Movie
Villains
% Correct
Wizard of Oz
Wicked Witch of the West
91.1%
The Dark Knight
The Joker
88.9%
The Lion King
Scar
88.9%
Star Wars
Darth Vader
86.7%
101 Dalmatians
Cruella De Vil
86.7%
Silence of the Lambs
Hannibal Lecter
82.2%
Harry Potter
Voldemort
80%
The Little Mermaid
Ursula
80%
Die Hard
Hans Gruber
64.4%
A Nightmare on Elm Street
Freddy Krueger
64.4%
Batman Returns
Catwoman
64.4%
Movie
Villains
% Correct
One Flew over the Cuckoo's Nest
Nurse Ratched
62.2%
Wall Street
Gordon Gekko
60%
Scarface
Tony Montana
55.6%
Misery
Annie Wilkes
55.6%
Fatal Attraction
Alex Forrest
40%
Friday the 13th
Pamela Voorhees
40%
Scream
Billy Loomis
33.3%
The Devil Wears Prada
Miranda Priestly
31.1%
The Usual Suspects
Verbal Kint
28.9%
Basic Instinct
Catherine Tramell
26.7%
Quiz Playlist
Details
Report
Send in Message
Add To Playlist
More Info:
20 Movies, 20 villains. Name them and feel great about yourself :)
Classic:
Type in answers that appear in a list
Random Order:
Randomize order of answers
Last Updated: Feb 16, 2017
Quiz Scoreboard
CHALLENGE
Sign Up to Join the Scoreboard
Show All
Scores
Hide
Comments
May contain spoilers
Recently Published
Pick 6: Fruits
by JohnFran
Miscellaneous
15s
Click the 1999 NBA Draft
by nibperrychub
Sports
2m
Alphabetical 'K' Countries by Flag Minefield
by ylime102
Geography
3m
More to Explore
Quiz From the Vault
Featured Blog Post
15 Basketball Trivia Facts You Can Be March Mad About
hide this ad
You Might Also Like...
Tags
Movie Titles Quiz
screen
Silver
Villains
Today's Top Quizzes in Entertainment
Browse Entertainment
hide this ad
Today's Top Quizzes in Movie Titles
Browse Movie Titles
Top Contributed Quizzes in Entertainment
1
The Joker Actors by Order
2
Picture Click Blitz: Snow White
3
Marvel, Role-Playing, Shakespeare, and Cats, Oh My!
4
Heroes of Olympus Logic Puzzle
5
Double Word Hourglass: Comic Book Publishers
6
Dragon Ball Z: Goku's Fights in Order
7
Spider-Man Actors by Order
8
Comic Character by Cover Artist Pt 490 (Billy Tan)
9
Comic Character by Cover Artist Pt 491 (Billy Tan)
10
Click the Fictional Jane
Explore More
Trending Topics
NBA
Anime
Disney
Marvel
Crossword
Kpop
Harry Potter
NFL
WWE
The Office
Puzzle
Pokémon
Song
Soccer
Country
hide this ad
More By:
Forensic_Teen
Quiz
Plays
Rating
Category
Featured
Created
Criminal Minds: Disney Edition
7,750
4.09
Movies
Oct 30, 2014
Grown Up Disney
2,421
3.30
Movies
Jul 7, 2012
Actors that share the same first name- Superhero
434
2.00
Movies
Feb 27, 2015
Villain to Hero
380
1.75
Movies
Sep 2, 2015
Criminal Minds: Arkham Edition
286
Movies
Jun 27, 2015
Go to Creator's Profile
Score Distribution
Quiz Creator Spotlight
Forensic_Teen
Follow
Send a Message
Quizzes Created
-
Created Quiz Play Count
-
More By This Creator
Popular Quizzes Today
1
Countries of Asia Without Outlines Minefield
2
Find the US States - No Outlines Minefield
3
Pick 6: Fruits
4
Alphabetical 'K' Countries by Flag Minefield
5
The Countries of the World
6
Find the US States
7
US States
8
Match the Book to the Film X
More Entertainment Quizzes
Highest-Paid Celebrities 2018
Curator's Pick
Trending Quizzes
Pick 6: Mountains
Pick 6: Harry Potter
Pick 6: NFL Teams
Pick 6: Movie Franchises
Pick 6: Flags
Recently Updated
NWSL Teams
pecheneg
Women's Final Four Teams by Year
bhenderson79
Presidents Quartet II
eogle
Anything But Clue(do)
eogle
Anything But Oceanian Capitals
eogle
Anything But 7
eogle
Anything But Thing
eogle
Word Ladder: February 29
pecheneg
Song Title Questions
pecheneg
Women's NCAA Tournament #1 Seeds
pecheneg
Trending Topics
Marvel
Kpop
Crossword
Anime
Disney
NBA
Harry Potter
Country
WWE
Soccer
NFL
Puzzle
Pokémon
Song
The Office
Your Account Isn't Verified!
In order to create a playlist on Sporcle, you need to verify the email address you used during registration. Go to your
Sporcle Settings
to finish the process.
Report this User
Report this user for behavior that violates our
Community Guidelines
.
Details:
Send Report
Go to the Sporcle.com Mobile Site →
Comments